| 000 | 01218cam a22003617a 4500 | ||
|---|---|---|---|
| 003 | CHAP | ||
| 005 | 20220329135330.0 | ||
| 008 | 971013s1986 r 00010 d | ||
| 010 | _a34553 | ||
| 011 | _a35525 | ||
| 035 | _a39641 | ||
| 040 | _cCHAP | ||
| 090 | _aTesis | ||
| 100 | 0 | 0 |
_aOjeda Enciso, Luis Alfonso. _982899 |
| 245 | 0 | _aMicroinjerto in vitro en Cedrela odorata L. empleando apices juveniles y adultos | |
| 260 |
_aChapingo, Méx. : _bEl autor, _c1986 |
||
| 300 |
_a65 h. _b: ilus. |
||
| 500 | _ac.4 bodega | ||
| 502 | _aTesis (M. C. Esp. en Genética) -- Colegio de Postgraduados. Centro de Genética | ||
| 590 |
_aALEPH _b10 _c20130110 _lUCH01 _h1300 |
||
| 590 |
_aBATCH-UPD _b10 _c20130110 _lUCH01 _h2033 |
||
| 590 |
_aBATCH-UPD _b10 _c20130410 _lUCH01 _h1349 |
||
| 590 |
_aBATCH-UPD _b10 _c20130914 _lUCH01 _h0906 |
||
| 590 |
_aCONVERSION _b10 _c20130109 _lUCH01 _h1319 |
||
| 650 | 1 | 4 |
_aCedro _xInjertos. _920863 |
| 650 | 1 | 4 |
_aCedro _xPropagación. _920865 |
| 650 | 1 | 4 |
_aCultivo de tejidos. _930213 |
| 901 | _aBK | ||
| 942 | _cFOLL | ||
| 949 |
_bBC _cTES _d-90445 _eTS1 _h18887 _i39641 _si |
||
| 949 |
_bBC _cTES _d-90447 _eTS2 _fc.2 _h18888 _i39641 _si |
||
| 949 |
_bBC _cTES _d-90448 _eTS2 _fc.3 _h20494 _i39641 _si |
||
| 999 |
_c34553 _d34553 |
||